Statistics for 10 Smartest Asian Countries

Click here to take the quiz!

General Stats

  • This quiz has been taken 34 times
    (32 since last reset)
  • The average score is 8 of 10

Answer Stats

HintAnswer% Correct
104.10China
100%
106.48Japan
100%
102.35South Korea
100%
105.89Singapore
89%
106.47Taiwan
89%
92.43Israel
68%
91.03Mongolia
68%
98.82North Korea
61%
99.75Cambodia
46%
91.18Myanmar
29%

Score Distribution

Percentile by Number Answered

Percent of People with Each Score

Your Score History

You have not taken this quiz since the last reset